00901nab a2200217 4500003001000000005001700010008004100027040001400068041000800082100007300090245007100163260003500234300001300269500023500282650001700517650001600534650001500550650001200565650001300577773009300590AR-RoBPED20260401113735.0260401b |||||||| |||| 00| 0 spa d aAR-RoBPED aspa1 aWolf, Carolina M.ePsicoanalista y profesora de Educación Primaria1 aAislamiento y uso excesivo de pantalas en niños y adolescentes / aBuenos Aires :bNoveduc,c2025 a14-15 p. aEste trabajo explora el uso excesivo de pantallas en niños y adolescentes y sus posibles efectos en la subjetividad. También destaca el papel de docentes y familias en el manejo responsable de las herramientas tecnológicas.  7aADOLESCENTES 0aVIRTUALIDAD 7aADICCIONES 7aNIÑOS 7aDOCENTES0 020414dBuenos Aires : Noveduc, 1993-tNovedades Educativasw(AR-RoBPED)20414x03283534